000 00640nam a2200241Ia 4500
003 OSt
005 20221005121617.0
006 a|||||r|||| 00| 0
007 ta
008 221004b |||||||| |||| 00| 0 eng d
024 _a44034
037 _cTextual
040 _aCRL
_cCRL
_beng
041 _2eng
_aeng
082 _aO15:9v, F3.1 close sec
100 _aDe Sushil Kumar
245 0 _aHistory of sanskrit poetics in 2V
260 _c1923
650 _a ENGLISH LITERATURE
650 _aSANSKRIT LITERATURE
942 _hO15:9v, F3.1 close sec
_cTEXL
_2cc
999 _c1041718
_d1041718